000 00812nam a22002417a 4500
001 4281
003 FISKH
005 20250813134620.0
008 240711b cb ||||| |||| 00| 0 eng d
020 _a9781740898379
040 _aFISKH
_beng
_cFISKH
_dFISKH
050 _aPZ7
082 _a551.22
100 _aCoupe, Robert
245 _aQuake /
_cRobert Coupe
260 _aSydney :
_bWeldon Owen,
_c2008
300 _a32 pages :
_bcolor illustrations ; map ;
_c23 cm
490 _aTop Readers
_vStage 4
520 _aEarth is a restless planet. Movements of huge, rocky plates under the surface can cause the ground to shake in earthquakes. Sometimes quakes are mild tremors, but often they are powerful and dangerous.
650 _aEarth
_vScience
_xSurvival
942 _2ddc
_cBK
_n0
999 _c4281
_d4281